Countries in their Native Language #2 - Statistics

General Stats
  • This quiz has been taken 158 times
  • The average score is 14 of 20
Answer Stats
Native English % Correct
Deutschland Germany
99%
Österreich Austria
95%
Nihon/Nippon Japan
95%
Éire Ireland
94%
Hellas/Ellada Greece
93%
Zhōngguó China
91%
Magyarország Hungary
90%
Hrvatska Croatia
87%
Namhan (Hanguk) South Korea
76%
Crna Gora Montenegro
70%
Shqipëria Albania
67%
Misr/Masr Egypt
64%
Bhārat India
64%
Al-Jazā'ir/Dzayer Algeria
61%
Bukchosŏn (Chosŏn) North Korea
59%
Sak'art'velo Georgia
58%
Hayastán Armenia
37%
Xīnjiāpō Singapore
36%
Dhivehi Raajje Maldives
32%
Sesel Seychelles
19%
No matching quizzes found
Score Distribution
Percent of People with Each Score
Percentile by Number Answered
Your Score History
You have not taken this quiz